| 000 | 00744fam a2200265 a 4500 | ||
|---|---|---|---|
| 001 | 1524411 | ||
| 003 | OSt | ||
| 005 | 20150917101257.0 | ||
| 008 | 910816s1993 nyu b 001 0 eng d | ||
| 020 | _a0380720027 | ||
| 035 | _a(OCoLC)28989130 | ||
| 035 | _a(OCoLC)ocm28989130 | ||
| 035 | _a(NNC)1524411 | ||
| 040 |
_aNNC _cNNC |
||
| 050 | 4 |
_aD16.8 _b.F85 1993 |
|
| 100 | 1 | _aFukuyama, Francis. | |
| 245 | 1 | 4 |
_aThe end of history and the last man / _cFrancis Fukuyama. |
| 260 |
_aNew York : _bAvon Books, _c1993. |
||
| 300 |
_axxiii, 418 p. ; _c21 cm. |
||
| 504 | _aIncludes bibliographical references (p. 391-401) and index. | ||
| 650 | 0 |
_aHistory _xPhilosophy. |
|
| 650 | 0 |
_aWorld politics _y1945-1989. |
|
| 942 |
_2lcc _cBK |
||
| 999 |
_c87 _d87 |
||